Вийди з берегів (Запис № 17296)
[ простий вигляд ]
| 000 -Маркер запису | |
|---|---|
| Контрольне поле сталої довжини | 01934nam a22002537a 4500 |
| 003 - Належність контрольного номера | |
| Контрольне поле | Uzh_bibl |
| 008 - Кодовані дані | |
| Контрольне поле сталої довжини | 260409b |||||||| |||| 00| 0 ukr d |
| 020 ## - Індекс ISBN | |
| ISBN | 5-333-00075-1 |
| Ціна | 1.20 |
| 040 ## - Джерело каталогіз. | |
| Служба первин.кат. | укр. |
| 041 ## - Код мови видання | |
| Код мови оригіналу | українська |
| Код мови тексту | українська |
| 080 ## - Індекс УДК | |
| Індекс УДК | 821(477) |
| 090 ## - Шифри | |
| Поличний індекс | 821(477) |
| Авторський знак | П 55 |
| 100 ## - Автор | |
| Автор | Помазан, Антоніна |
| 245 ## - Назва | |
| Назва | Вийди з берегів |
| Фізичний носій | Текст |
| 260 ## - Вихідні дані | |
| Місце видання | Київ |
| Видавництво | Радянський письменник |
| Дата видання | 1988 |
| 300 ## - Фізичний опис | |
| Обсяг | 390 с. |
| Тип одиниці | В опр. |
| 520 ## - Анотація | |
| Анотація | Маруся Чумаченко — головна героїня повісті «Вийди з берегів»— у молодості покохала щиро і глибоко. Та ні вона, ні її обранець не змогли зберегти це почуття. Тому Маруся, яка віддалася за нелюба, гірко карається і мучиться. А чи не більше за неї страждають діти...<br/>Про людей складних доль, хто захистив землю від фашистської чуми і перед ким ми постійно в боргу, про святий обов'язок матері, яка мусить виховати дітей, ось про що твори цієї книжки. |
| 521 ## - Примітка про цільове призначення | |
| Примітка про цільове призначення | Для широкого кола читачів |
| 546 ## - Примітка про мову | |
| Примітка про мову | укр. |
| 650 ## - Тематичні рубрики | |
| Основна рубрика | Літературно-художнє видання |
| Хронологічна підрубрика | Роки Другої світової війни (спогади, долі людей, фронтове минуле); повоєнний час і друга половина ХХ століття (1970–1980-ті роки) |
| Географічна підрубрика | Події розгортаються в Україні |
| 653 ## - Ключові слова | |
| Ключові слова | Кохання |
| 655 ## - Термін індексування — жанр/форма | |
| Жанр/форма | Повість, соціально-психологічна проза |
| Типове ділення | Повість, оповідання |
| 942 ## - ADDED ENTRY ELEMENTS (KOHA) | |
| Джерело класифікації чи схема поличного розташування | |
| Koha item type | Книги |
| Статус вилучення | Статус втрати/відсутності | Джерело класифікації чи схема поличного розташування | Статус пошкодження | Тип обігу (не для випозичання) | Постійне розташування | Поточне розташування | Розташування у відділі | Дата надходження | Інвентарний номер | Total Checkouts | Повний (примірниковий) шифр зберігання | Штрих-код | Date last seen | Дата, для якої чинна ціна заміни | Тип одиниці (рівень примірника) |
|---|---|---|---|---|---|---|---|---|---|---|---|---|---|---|---|
| Публічна бібліотека | Публічна бібліотека | Абонемент | 09/04/2026 | 35373 | 821(477) | 20143 | 09/04/2026 | 09/04/2026 | Книги |